000 00331nam a2200133Ia 4500
008 191201s2011 xx 000 0 und d
082 _a005.133
_bHOF
100 _aHOROWITZ,Ellis
245 0 _aFundamental of Data Structure in C
250 _a2nd
260 _c2011
_bUniversity Press
_aNEW DELHI
300 _a617
942 _2ddc
_cBK
999 _c7875
_d7875